|
|
|
|
| LEADER |
00000nam2a2200000 4500 |
| 001 |
590348 |
| 005 |
20231101131616.0 |
| 035 |
|
|
|a (RuTPU)RU\TPU\prd\293112
|
| 035 |
|
|
|a RU\TPU\prd\293111
|
| 090 |
|
|
|a 590348
|
| 100 |
|
|
|a 20230615d19369999k y0rusy50 ca
|
| 101 |
0 |
|
|a rus
|
| 102 |
|
|
|a RU
|
| 181 |
|
0 |
|a i
|
| 182 |
|
0 |
|a b
|
| 200 |
0 |
|
|a Т. 87, № 3
|b Электронный ресурс
|
| 203 |
|
|
|a Текст
|c электронный
|
| 210 |
|
|
|d 2022
|
| 461 |
|
1 |
|0 (RuTPU)RU\TPU\prd\650
|t Известия Российской академии наук. Серия физическая
|f Российская академия наук, Отделение физических наук РАН
|v Т. 87, № 3
|d 1992-
|
| 801 |
|
0 |
|a RU
|b 63413507
|c 20010227
|g PSBO
|
| 801 |
|
1 |
|a RU
|b 63413507
|c 20160323
|
| 801 |
|
2 |
|a RU
|b 63413507
|c 20230615
|g RCR
|
| 856 |
4 |
0 |
|u https://sciencejournals.ru/view-issue/?j=izvfiz&y=2023&v=87&n=3
|
| 942 |
|
|
|c BK
|